| 000 | 00735nam a2200265Ia 4500 | ||
|---|---|---|---|
| 001 | 1403 | ||
| 003 | GE_BSU | ||
| 008 | 181216s||||||||xx |||||||||||||| ||und|| | ||
| 020 | _a5238002394 | ||
| 040 | _cGE_BSU | ||
| 080 | _a339.138(075.8) | ||
| 100 | _aЭткинсон,Дж. | ||
| 245 | _aСтратегический маркетинг | ||
| 245 | _bСитуации, примеры. | ||
| 245 | _cПер. с англ.Ю.А.Цыпкина | ||
| 260 | _aМосква | ||
| 260 | _bЮнити-Дана | ||
| 260 | _c2001 | ||
| 300 | _a471стр. | ||
| 541 | _h15л. | ||
| 653 | _aМаркетинг | ||
| 653 | _aСтратегический маркетинг | ||
| 653 | _aმარკეტინგი | ||
| 942 | _cBK | ||
| 999 |
_c35542 _d35542 |
||